Diccionario manual griego-español

Enregistré dans:
Détails bibliographiques
Auteur principal: Pabón Suárez de Urbina, José Manuel (autor)
Format: Livre
Langue:espagnol
grec
Publié: Barcelona Vox 1999
Sujets:
Tags: Ajouter un tag
Pas de tags, Soyez le premier à ajouter un tag!

MARC

LEADER 00000nam a2200000 a 4500
001 UCK2870
003 CL-VaPUC
008 050324e19990000SP |||||||||||||||||spa|d
020 |a 8471539624 
041 0 7 |a spa  |2 CL-VaPUC 
041 0 7 |a gre  |2 CL-VaPUC 
082 0 4 |a 483.61  |b PAB  |2 21 
100 |a Pabón Suárez de Urbina, José Manuel  |e autor  |9 597964 
245 1 0 |a Diccionario manual griego-español 
300 |a 711 p 
942 |c BK 
945 |d 20050324 00:00:00  |a cmena 
260 |a Barcelona  |b Vox  |c 1999 
500 |a Incluye: Apéndice gramatical 
650 7 |a GRIEGO  |2 CL-VaPUC  |9 317586 
650 0 |a Español  |9 255372 
650 0 |a Diccionarios  |9 256200 
650 0 |a Glosarios  |9 261047 
583 |a last modification  |c 20050324 00:00:00  |k Rodrigo Vera 
999 |c 312267  |d 312265 
952 |0 0  |1 0  |4 0  |6 483_610000000000000_PAB_1999  |7 0  |8 X  |9 382315  |a BIBHIS  |b BIBHIS  |d 2019-11-21  |i 4103394  |l 11  |o 483.61 PAB 1999  |p 4103394  |r 2024-10-03  |s 2024-10-03  |w 2019-11-21  |y BK_X  |k HIS